Los matrimonios de conveniencia

Bibliographic Details
Main Author: Garca̕ Herrera, Vanessa
Format: eBook
Language:Spanish
Published: Madrid: Dykinson, 2016
Subjects:
Online Access:Acceso restringido

MARC

LEADER 00000nam a22000007a 4500
005 2017030506566.0
007 cr|||| ||||
008 170305s2016 es |||||s|||| 00||0 spa d
020 |a 978-84-9148-002-0 
035 |a 14796 
040 |a vLex 
090 |c 6576  |d 6576 
100 1 |a Garca̕ Herrera, Vanessa 
245 1 3 |a Los matrimonios de conveniencia  |h [Recurso electrn̤ico] /  |c Vanessa Garca̕ Herrera 
256 |a Servicio en ln̕ea 
260 |a Madrid:  |b Dykinson,  |c 2016 
300 |a 1 recurso electrn̤ico 
500 |a Los matrimonios de conveniencia, de complacencia o blancos son aquellos en los que interviene al menos un elemento subjetivo de extranjera̕ y que se caracterizan por una ausencia total de consentimiento matrimonial, previamente acordada por los contrayentes. Mediante este tipo de enlaces el contrayente extranjero pretende la adquisicin̤ de la nacionalidad espaǫla en tiempo reducido, la obtencin̤ de un permiso de residencia o la consecucin̤ de la reagrupacin̤ familiar. Constituyen, por lo tanto, un fraude de ley a las normas sobre nacionalidad y extranjera̕ y fomentan la inmigracin̤ ilegal. La importancia de las consecuencias que estos matrimonios producen en los m̀bitos del Derecho Privado y del Derecho Pb︢lico aconseja su absoluta erradicacin̤, siempre con absoluto respeto del ius connubii. La autora de esta obra es profesora de la Universidad Rey Juan Carlos. 
506 1 |a Disponible solo en los productos indicados  |d vLex Global  |d vLex Global (Academic Edition, excluding Law Schools)  |d vLex Global (U.S. Academic Edition, Law Schools)  |d vLex Global (U.S. Academic Edition, excluding Law Schools)  |d vLex Global (Academic Edition, Law Schools) 
650 0 4 |a Derecho Civil  |z Espaą 
650 0 4 |a Familia y Sucesiones  |z Espaą 
650 0 4 |a Matrimonio  |z Espaą 
740 0 |a vLex Libros (Servicio en ln̕ea) 
856 4 0 |u http://vlex.com/source/matrimonios-de-conveniencia-14796  |z Acceso restringido 
942 |c BOOK 
999 0 |a Civil Law 
999 0 |a Family and Inheritance 
999 0 |a Marriage